Monografía de las chacras Victoria y Santa Ana
Salvato in:
| Autore principale: | |
|---|---|
| Natura: | Libro |
| Lingua: | spagnolo |
| Pubblicazione: |
Santiago, Chile
Imprenta y Encuadernación Chile
1914
|
| Soggetti: | |
| Tags: |
Aggiungi Tag
Nessun Tag, puoi essere il primo ad aggiungerne!!
|
MARC
| LEADER | 00000nam a2200000 a 4500 | ||
|---|---|---|---|
| 001 | UCT0803 | ||
| 003 | CL-VaPUC | ||
| 005 | 20210604001617.0 | ||
| 008 | 960906e19140000CL |||||||||||||||||spa|d | ||
| 999 | |c 251506 |d 251504 | ||
| 040 | |c Pontificia Universidad Católica de Valparaíso | ||
| 082 | 0 | 4 | |a 983 VAL 1914 |2 21 |
| 100 | 0 | |a Valenzuela A., Victor M |e author |9 369299 | |
| 245 | 1 | 0 | |a Monografía de las chacras Victoria y Santa Ana |
| 260 | |a Santiago, Chile |b Imprenta y Encuadernación Chile |c 1914 | ||
| 300 | |a 212 páginas | ||
| 583 | |a last modification |c 19960906 00:00:00 |k Rodrigo Vera | ||
| 650 | 0 | |a Historia |x DESARROLLO ECONOMICO |9 255047 | |
| 650 | 7 | |a REGIONALISMO |2 CL-VaPUC |9 369300 |z CHILE | |
| 650 | 7 | |a ECONOMIA AGRARIA |2 CL-VaPUC |9 264541 |x INDUSTRIA AGRICOLA |z CHILE | |
| 852 | |a BIBCUR | ||
| 942 | |c BK |2 ddc | ||
| 945 | |d 19960906 00:00:00 |a nastorga | ||
| 952 | |0 0 |1 0 |2 ddc |4 0 |6 983_000000000000000_VAL_1914 |7 0 |8 X |9 270713 |a BIBHIS |b BIBHIS |d 2019-11-19 |i 3229157 |o 983 VAL 1914 |p 3229157 |r 2024-01-30 |t 1 |w 2019-11-19 |y BK_X |k HIS | ||